Quà tặng vô giá The ultimate gift

محفوظ في:
التفاصيل البيبلوغرافية
المؤلف الرئيسي: Stovall, Jim
مؤلف مشترك: First News
مؤلفون آخرون: Hoa, Phượng (Biên dịch), Ngọc, Hân (Biên dịch), Tâm, Hằng (Biên dịch)
التنسيق: كتاب
اللغة:Vietnamese
منشور في: TP. Hồ Chí Minh Trẻ 2012
سلاسل:Hạt giống tâm hồn
الموضوعات:
الوسوم: إضافة وسم
لا توجد وسوم, كن أول من يضع وسما على هذه التسجيلة!
Thư viện lưu trữ: Trung tâm Học liệu Lê Vũ Hùng, Trường Đại học Đồng Tháp
LEADER 01052pam a22003258a 4500
001 00030394
005 20171026081025.0
008 130128s2012 ||||||viesd
020 |c 42000 
041 0 # |a vie 
082 1 4 |a 158.1  |b QU100T 
100 1 # |a Stovall, Jim 
245 1 0 |a Quà tặng vô giá  |b The ultimate gift  |c Jim Stoval; Hoa Phượng, Tâm Hằng, Ngọc Hân (biên dịch) 
260 # # |a TP. Hồ Chí Minh  |b Trẻ  |c 2012 
300 # # |a 181 tr.  |c 21 cm. 
490 # # |a Hạt giống tâm hồn 
653 # # |a Cuộc sống 
653 # # |a Quà tặng 
653 # # |a Tình cảm 
653 # # |a Tâm lý 
700 1 # |a Hoa, Phượng  |e Biên dịch 
700 1 # |a Ngọc, Hân  |e Biên dịch 
700 1 # |a Tâm, Hằng  |e Biên dịch 
710 |a First News 
852 # # |b Kho mượn  |j KM.0014697 
852 # # |j KD.0014396  |j KM.0014697 
852 # # |b Kho đọc  |j KD.0014396 
910 |d 28/01/2013 
980 # # |a Trung tâm Học liệu Lê Vũ Hùng, Trường Đại học Đồng Tháp